Rakno (Record no. 179905)
[ view plain ]
| 000 -LEADER | |
|---|---|
| fixed length control field | 00239nam a22001097a 4500 |
| 008 - FIXED-LENGTH DATA ELEMENTS--GENERAL INFORMATION | |
| fixed length control field | 210707s2016 xx 000 0 und d |
| 041 ## - LANGUAGE CODE | |
| Language code of text/sound track or separate title | eng |
| 082 ## - DEWEY DECIMAL CLASSIFICATION NUMBER | |
| Classification number | 052 RAKN |
| 245 ## - TITLE STATEMENT | |
| Title | Rakno |
| 260 ## - PUBLICATION, DISTRIBUTION, ETC. | |
| Name of publisher, distributor, etc. | Rakno Prakashan. |
| Date of publication, distribution, etc. | 2016 |
| 906 ## - LOCAL DATA ELEMENT F, LDF (RLIN) | |
| a | Raknno |
| Withdrawn status | Lost status | Damaged status | Not for loan | Collection code | Home library | Current library | Date acquired | Serial Enumeration / chronology | Total Checkouts | Full call number | Barcode | Date last seen | Price effective from | Koha item type |
|---|---|---|---|---|---|---|---|---|---|---|---|---|---|---|
| St Aloysius Library | St Aloysius Library | 02/25/2019 | Vol no:78; Issue no:27-46 | 052 RAKN | BV1086 | 07/07/2021 | 07/07/2021 | Bound Volume |